[Event "HUN-chT2 Szechenyi 0304"]
[Site "Hungary"]
[Date "2004.04.18"]
[Round "11"]
[White "Vegh, Istvan"]
[Black "Veber, Richard"]
[Result "1-0"]
[WhiteElo "1949"]
[BlackElo "2025"]
[PlyCount "63"]
[EventDate "2003.09.28"]
[EventType "team"]
[EventRounds "11"]
[EventCountry "HUN"]
[SourceTitle "EXT 2009"]
[Source "ChessBase"]
[SourceDate "2008.11.26"]
[SourceVersion "1"]
[SourceVersionDate "2008.11.26"]
[SourceQuality "1"]
[WhiteTeam "Szentgotthard"]
[BlackTeam "Ajka Banyasz"]
[WhiteTeamCountry "HUN"]
[BlackTeamCountry "HUN"]

1. d4 Nf6 2. Nf3 g6 3. Bg5 Bg7 4. e3 0-0 5. Bd3 b6 6. Nbd2 Bb7 7. c3 d6 8. Qc2 Nbd7 9. Ne4 c5 10. dxc5 bxc5 11. Nxf6+ Nxf6 12. Bxf6 Bxf6 13. h4 h6 14. Rh3 Kg7 15. Ke2 d5 16. Rg3 Qe8 17. c4 d4 18. h5 Bxf3+ 19. gxf3 g5 20. f4 Rh8 21. Rh1 e5 22. fxg5 hxg5 23. h6+ Rxh6 24. Rxh6 Kxh6 25. Rh3+ Kg7 26. Be4 Rd8 27. Bd5 Kf8 28. Rh7 Bg7 29. Qf5 Qe7 30. Rh5 Bf6 31. e4 Qd7 32. Qxf6 1-0

[Event "HUN-chT2 Szechenyi 0304"]
[Site "Hungary"]
[Date "2004.03.21"]
[Round "9"]
[White "Vegh, Istvan"]
[Black "Toth, Laszlo2222"]
[Result "0-1"]
[WhiteElo "1949"]
[BlackElo "2024"]
[PlyCount "94"]
[EventDate "2003.09.28"]
[EventType "team"]
[EventRounds "11"]
[EventCountry "HUN"]
[SourceTitle "EXT 2009"]
[Source "ChessBase"]
[SourceDate "2008.11.26"]
[SourceVersion "1"]
[SourceVersionDate "2008.11.26"]
[SourceQuality "1"]
[WhiteTeam "Szentgotthard"]
[BlackTeam "Lovo"]
[WhiteTeamCountry "HUN"]
[BlackTeamCountry "HUN"]

1. d4 Nf6 2. c4 e6 3. Bg5 c6 4. Nc3 d5 5. e3 Bb4 6. Bxf6 Qxf6 7. Rc1 0-0 8. Nf3 Nd7 9. cxd5 exd5 10. a3 Bd6 11. Bd3 Re8 12. Qc2 Nf8 13. h3 Re7 14. Qd1 Bd7 15. Nd2 Qxd4 16. Nc4 Qf6 17. Nxd6 Qxd6 18. 0-0 Rae8 19. Qa4 a6 20. Qh4 Ng6 21. Bxg6 Qxg6 22. Ne2 Re4 23. Qg3 Qf6 24. Nd4 h6 25. Rc3 Kh7 26. Nb3 Bc8 27. Nd2 R4e6 28. Nf3 Qe7 29. Qh4 g5 30. Qg3 Rg6 31. Rd1 g4 32. Nh4 Rg5 33. f4 Rh5 34. hxg4 Rxh4 35. g5 hxg5 36. fxg5 Rh5 37. Qf4 Rxg5 38. Qh2+ Kg7 39. Rf1 Rh8 40. Qf4 Rh6 41. Rc2 Rg4 42. Qf3 f6 43. Rcf2 Qe5 44. g3 Qxg3+ 45. Qxg3 Rxg3+ 46. Rg2 Rxg2+ 47. Kxg2 Bh3+ 0-1

[Event "HUN-chT2 Szechenyi 0304"]
[Site "Hungary"]
[Date "2003.11.16"]
[Round "3"]
[White "Vegh, Istvan"]
[Black "Baglady, Hendry"]
[Result "1/2-1/2"]
[WhiteElo "1949"]
[BlackElo "2085"]
[PlyCount "109"]
[EventDate "2003.09.28"]
[EventType "team"]
[EventRounds "11"]
[EventCountry "HUN"]
[SourceTitle "EXT 2009"]
[Source "ChessBase"]
[SourceDate "2008.11.26"]
[SourceVersion "1"]
[SourceVersionDate "2008.11.26"]
[SourceQuality "1"]
[WhiteTeam "Szentgotthard"]
[BlackTeam "Zala Volan"]
[WhiteTeamCountry "HUN"]
[BlackTeamCountry "HUN"]

1. d4 Nf6 2. Nf3 g6 3. Bf4 Bg7 4. c4 d5 5. Nc3 0-0 6. e3 c5 7. dxc5 Qa5 8. Qa4 Qxa4 9. Nxa4 Ne4 10. cxd5 Bd7 11. Bd3 Bxa4 12. Bxe4 Nd7 13. Rc1 Bxb2 14. Rc4 Bb5 15. Rc2 Ba3 16. Nd4 Bb4+ 17. Kd1 Ba4 18. c6 bxc6 19. dxc6 Nf6 20. Bf3 Bxc2+ 21. Kxc2 Bd6 22. Bh6 Rfc8 23. Nb5 a6 24. Nxd6 exd6 25. Bf4 d5 26. c7 Ne8 27. Bxd5 Ra7 28. Kd3 Nxc7 29. Rc1 Rd8 30. Bxc7 Rxd5+ 31. Ke2 Rb5 32. a4 Rbb7 33. Be5 Ra8 34. Rc6 Re7 35. Bd4 Re6 36. Rc7 Rd8 37. Bc3 Ree8 38. Ra7 Rc8 39. Bd4 Re6 40. a5 Ree8 41. Rxa6 Ra8 42. Rxa8 Rxa8 43. Bb6 Kf8 44. Kf3 Ke7 45. Kf4 Kf6 46. h4 h5 47. g4 hxg4 48. Kxg4 Ra6 49. f4 Ra8 50. h5 gxh5+ 51. Kxh5 Kf5 52. Kh6 Rg8 53. Kh7 Rg6 54. Bd4 Ke4 55. Bb6 1/2-1/2

[Event "HUN-chT2 Szechenyi 0304"]
[Site "Hungary"]
[Date "2003.10.05"]
[Round "2"]
[White "Vegh, Istvan"]
[Black "Vinkovics, Sandor"]
[Result "0-1"]
[WhiteElo "1949"]
[BlackElo "1934"]
[PlyCount "118"]
[EventDate "2003.09.28"]
[EventType "team"]
[EventRounds "11"]
[EventCountry "HUN"]
[SourceTitle "EXT 2009"]
[Source "ChessBase"]
[SourceDate "2008.11.26"]
[SourceVersion "1"]
[SourceVersionDate "2008.11.26"]
[SourceQuality "1"]
[WhiteTeam "Szentgotthard"]
[BlackTeam "Haladas II"]
[WhiteTeamCountry "HUN"]
[BlackTeamCountry "HUN"]

1. d4 Nf6 2. Nf3 d6 3. c4 g6 4. Nc3 Bg7 5. Bg5 0-0 6. e4 c6 7. Bd3 Nbd7 8. 0-0 e5 9. d5 h6 10. Bh4 Qc7 11. Rc1 Nh7 12. Bb1 Nb6 13. Nd2 f5 14. exf5 gxf5 15. f3 Qf7 16. b3 Bf6 17. Bxf6 Nxf6 18. dxc6 bxc6 19. Qe1 Nfd7 20. Qh4 Qf6 21. Qxf6 Rxf6 22. Rfd1 Ba6 23. Nf1 Nc8 24. Ng3 Ne7 25. Nh5 Re6 26. Ng3 Rf8 27. Rd2 Nb6 28. Bd3 Nbc8 29. Rcd1 Bb7 30. Rc1 d5 31. cxd5 cxd5 32. Nb5 e4 33. Nd4 Rb6 34. fxe4 fxe4 35. Be2 Nd6 36. Bg4 Bc8 37. Bxc8 Rxc8 38. Rxc8+ Ndxc8 39. Kf2 Nd6 40. Ke3 Rb7 41. Rc2 Kf7 42. Rc5 Kf6 43. h4 Ke5 44. h5 Rb4 45. Nc2 Ndf5+ 46. Nxf5 Nxf5+ 47. Kd2 Rb8 48. g4 Kd6 49. Ra5 Nh4 50. Rxa7 Nf3+ 51. Ke3 Rc8 52. Na3 Rc3+ 53. Kf4 Nd4 54. Ra6+ Kc5 55. Ra5+ Kc6 56. Ra6+ Kb7 57. Rd6 e3 58. Rxd5 e2 59. Re5 Rf3+ 0-1

[Event "HUN-chT2 Szechenyi 0203"]
[Site "Hungary"]
[Date "2003.02.02"]
[Round "6"]
[White "Gadacsi, Miklos Jr"]
[Black "Vegh, Istvan"]
[Result "1-0"]
[WhiteElo "2053"]
[BlackElo "1859"]
[PlyCount "131"]
[EventDate "2002.09.22"]
[EventType "team"]
[EventRounds "11"]
[EventCountry "HUN"]
[SourceTitle "EXT 2009"]
[Source "ChessBase"]
[SourceDate "2008.11.26"]
[SourceVersion "1"]
[SourceVersionDate "2008.11.26"]
[SourceQuality "1"]

1. e4 c5 2. Nf3 Nc6 3. Bb5 e6 4. 0-0 Qc7 5. Re1 g6 6. c3 Bg7 7. d4 cxd4 8. cxd4 a6 9. Ba4 b5 10. Bb3 Bb7 11. e5 Rc8 12. Nc3 Nge7 13. Ne4 0-0 14. Bg5 Nf5 15. Qd2 d6 16. g4 Nfxd4 17. Nxd4 Nxd4 18. Qxd4 Bxe5 19. Nf6+ Kg7 20. Rxe5 dxe5 21. Qe3 Rfd8 22. Nh5+ Kg8 23. Bxd8 Qxd8 24. Ng3 Qc7 25. Ne4 Qc6 26. f3 Kg7 27. g5 Qc7 28. Rd1 Bxe4 29. Qxe4 a5 30. Re1 a4 31. Bd1 Rd8 32. Qe3 Rd5 33. Be2 Qc2 34. Qc3 Qf5 35. Qc1 Qf4 36. Qxf4 exf4 37. h4 h6 38. Rd1 Re5 39. gxh6+ Kxh6 40. Kf2 Rc5 41. Rd4 Rc2 42. Rb4 a3 43. bxa3 Rxa2 44. Rxf4 Kg7 45. Rb4 Rxa3 46. Rxb5 Ra4 47. Kg3 Ra7 48. Bd3 f6 49. Be4 e5 50. Rb7+ Rxb7 51. Bxb7 Kh6 52. Be4 Kh5 53. Kh3 g5 54. hxg5 Kxg5 55. Kg3 Kh5 56. Kf2 Kg5 57. Ke3 f5 58. Bc6 Kf6 59. Bd7 Kg6 60. Kf2 Kf6 61. Kg3 Kg5 62. Bc8 Kg6 63. Kh4 Kf6 64. Kh5 f4 65. Bb7 Kf5 66. Be4+ 1-0

[Event "HUN-chT2 Szechenyi 0203"]
[Site "Hungary"]
[Date "2003.01.19"]
[Round "5"]
[White "Vegh, Istvan"]
[Black "Horvath, Gabor"]
[Result "1/2-1/2"]
[WhiteElo "1896"]
[BlackElo "2088"]
[PlyCount "52"]
[EventDate "2002.09.22"]
[EventType "team"]
[EventRounds "11"]
[EventCountry "HUN"]
[SourceTitle "EXT 2009"]
[Source "ChessBase"]
[SourceDate "2008.11.26"]
[SourceVersion "1"]
[SourceVersionDate "2008.11.26"]
[SourceQuality "1"]

1. d4 d5 2. Nf3 Nf6 3. Bg5 Ne4 4. Bh4 g6 5. e3 Bg7 6. Nbd2 0-0 7. c4 c6 8. Bd3 Bf5 9. Bxe4 Bxe4 10. Nxe4 dxe4 11. Nd2 f5 12. Qb3 Qd7 13. c5+ Kh8 14. Bg5 Na6 15. h4 h6 16. Bf4 e5 17. Bxe5 Bxe5 18. dxe5 Nxc5 19. Qc3 Nd3+ 20. Kf1 Qd5 21. f4 exf3 22. Nxf3 Qe4 23. Rd1 Rfd8 24. Ke2 Nf4+ 25. Kf2 Nd3+ 26. Ke2 Nf4+ 1/2-1/2

[Event "HUN-chT2 Szechenyi 0203"]
[Site "Hungary"]
[Date "2002.11.24"]
[Round "3"]
[White "Toth, Laszlo"]
[Black "Vegh, Istvan"]
[Result "0-1"]
[WhiteElo "2007"]
[BlackElo "1859"]
[PlyCount "120"]
[EventDate "2002.09.22"]
[EventType "team"]
[EventRounds "11"]
[EventCountry "HUN"]
[SourceTitle "EXT 2009"]
[Source "ChessBase"]
[SourceDate "2008.11.26"]
[SourceVersion "1"]
[SourceVersionDate "2008.11.26"]
[SourceQuality "1"]

1. e4 c5 2. Nf3 Nc6 3. Nc3 e6 4. d4 cxd4 5. Nxd4 Bb4 6. Nxc6 bxc6 7. Bd2 Nf6 8. Bd3 d5 9. e5 Nd7 10. Qg4 Bxc3 11. Bxc3 g6 12. h4 c5 13. f4 h5 14. Qg3 Qe7 15. b3 Bb7 16. Ba5 Rc8 17. c4 Nb6 18. 0-0 Nd7 19. Rad1 Nb8 20. cxd5 Bxd5 21. Bb5+ Nc6 22. Bc3 Qb7 23. Qd3 Rd8 24. Qe2 Ke7 25. Bd3 Qb6 26. Kh2 a5 27. Qf2 Nb4 28. Bb1 Qc6 29. Qg3 Kd7 30. a3 Na6 31. Bxa5 Rb8 32. Rf2 Rb5 33. Be1 Rhb8 34. Bc2 Kc7 35. b4 R5b7 36. bxc5 Rb2 37. Ba5+ Kc8 38. Qg5 Qxc5 39. Qd8+ Kb7 40. Qd7+ Ka8 41. Rxd5 exd5 42. Qa4 Qxf2 43. Be1 Qe2 44. Qc6+ Ka7 45. Bc3 Rxc2 46. Bd4+ Nc5 47. Bxc5+ Rxc5 48. Qxc5+ Ka6 49. Qxd5 Qg4 50. Qc4+ Kb7 51. Qxf7+ Kc6 52. Qf6+ Kb7 53. e6 Qf5 54. Qe7+ Ka8 55. Qd6 Qb5 56. e7 Re8 57. Qd8+ Qb8 58. Qa5+ Kb7 59. Qb5+ Kc7 60. Qg5 Kd7 0-1